000 00772cam a2200265 a 4500
001 14998576
005 20180314092250.0
007 vd cvaiz|
008 070907s2008 maua 001 0 eng
010 _a 2007562757
020 _a0312434197
020 _a9780312434199
035 _a(OCoLC)ocm84854049
035 _a(OCoLC)84854049
040 _aXFF
_cXFF
_dBAKER
_dDLC
041 _aeng
042 _alccopycat
080 _a78 JOS
100 1 _a48
101 _aMUS
245 1 0 _aListen /
_cJoseph Kerman ; Gary Tomlinson ; with Vivian Kerman.
906 _a7
_bcbc
_ccopycat
_d3
_encip
_f20
_gy-gencatlg
942 _2ddc
_cBK
999 _c45042
_d45042